| 000 | 00979nam a2200277 i 4500 | ||
|---|---|---|---|
| 003 | EG-GICUC | ||
| 005 | 20260121101451.0 | ||
| 008 | 251211s1965 sz ||||fr|||| 000 0 eng d | ||
| 040 |
_aEG-GiCUC _beng _cEG-GiCUC _dEG-GiCUC _erda |
||
| 041 | 0 | _aeng | |
| 082 | 0 | 4 |
_221 _a330.040 _bSE . E |
| 092 | 0 | 4 | _221 |
| 099 | _aLaw1 13 330.040 SE . E 1965 | ||
| 110 |
_kSecretariat of The Economic Commission for Europe _eAuthor. |
||
| 245 | 1 | 0 |
_aEconomic Survey of Europe in 1962. _nPart 2, _pEconomic Planning In Europe / _cSecretariat of The Economic Commission for Europe. |
| 264 | 1 |
_aGeneva : _c1965. _b[Publisher not specified], |
|
| 300 |
_aVarious numbering ; _c24 cm |
||
| 336 |
_2rda content _atext |
||
| 337 |
_2rda media _aComputer |
||
| 338 |
_2rda carrier _aOnline Resource |
||
| 546 | _aText in English | ||
| 650 | 1 | 4 | _aPublic finance and tax legislation |
| 856 | 4 | 0 | _uhttps://fll.law.cu.edu.eg/fulltext/bks/B13-08114.pdf |
| 905 |
_a30 _eHassnaa |
||
| 942 |
_2ddc _cBK _e21 _n0 |
||
| 999 |
_c49771 _d49771 |
||